000 00243nam a2200097Ia 4500
001 640750
005 20250826153453.0
008 250824s9999 xx 000 0 und d
245 0 _aNE HALİNİZ VARSA GÜLÜN
_cMİNE SOTA
260 _bGENÇ TİMAŞ
999 _c640750
_d640750